000
00327nam a22001457a 4500
008
221024b ||||| |||| 00| 0 eng d
020
_a
9781557986887
041
_a
eng
080
_a
159.9
082
_a
159.9 SAL
100
_a
25.2
101
_a
PSI
245
_a
ETHICS IN RESEARCH WITH HUMAN
_c
SALES B
942
_2
udc
_c
BK
999
_c
58660
_d
58660